[Event "Lyon ECAM IM (Women)"]
[Site "Lyon"]
[Date "2023.04.13"]
[Round "5"]
[White "Cornileau, Juliette"]
[Black "Tomasi, Elise"]
[Result "1-0"]
[WhiteElo "2054"]
[BlackElo "2032"]
[PlyCount "75"]
[EventDate "2023.04.10"]
[EventType "tourn"]
[EventRounds "9"]
[EventCountry "FRA"]
[SourceTitle "EXT 2024"]
[Source "ChessBase"]
[SourceDate "2023.10.10"]
[SourceVersion "1"]
[SourceVersionDate "2023.10.10"]
[SourceQuality "1"]

1. d4 d5 2. c4 dxc4 3. e3 e5 4. Bxc4 exd4 5. exd4 Nf6 6. Nf3 Bd6 7. Qe2+ Qe7 8. Qxe7+ Bxe7 9. 0-0 0-0 10. Bf4 Bd6 11. Bxd6 cxd6 12. h3 a6 13. Nbd2 b5 14. Bd3 Bb7 15. Rac1 Nc6 16. a3 Nd5 17. Be4 Nce7 18. Nb3 a5 19. Rfe1 a4 20. Nbd2 Rac8 21. Bd3 Ba6 22. g3 f5 23. Ng5 h6 24. Ne6 Rfe8 25. Rxc8 Rxc8 26. Nf4 Nxf4 27. gxf4 Kf7 28. Nb1 Rb8 29. Kh2 Kf6 30. Rc1 Ke6 31. Nc3 Kd7 32. Na2 Rb6 33. Re1 Bb7 34. Nc3 Ba6 35. Rxe7+ Kxe7 36. Nd5+ Kd7 37. Nxb6+ Kc6 38. Nxa4 1-0

[Event "Antwerp World Uni op (Women)"]
[Site "Antwerp"]
[Date "2022.09.17"]
[Round "9"]
[White "Tomasi, Elise"]
[Black "Paktinat, Zhina"]
[Result "0-1"]
[WhiteElo "2003"]
[BlackElo "1888"]
[PlyCount "114"]
[EventDate "2022.09.12"]
[EventType "swiss"]
[EventRounds "9"]
[EventCountry "BEL"]
[SourceTitle "CBM 210 Extra"]
[Source "ChessBase"]
[SourceDate "2022.11.30"]
[SourceVersion "1"]
[SourceVersionDate "2022.11.30"]
[SourceQuality "1"]

1. d4 Nf6 2. Nf3 d5 3. g3 g6 4. Bg2 Bg7 5. 0-0 0-0 6. c4 c6 7. cxd5 cxd5 8. Nc3 Ne4 9. Nxe4 dxe4 10. Ne5 Qd5 11. f3 Nc6 12. Nxc6 bxc6 13. e3 Bf5 14. g4 exf3 15. Qxf3 Be6 16. Qxd5 Bxd5 17. Bxd5 cxd5 18. Bd2 Rfc8 19. Rfc1 Kf8 20. Bb4 Ke8 21. Bc5 a5 22. b3 Ra6 23. Kf2 Rac6 24. Rab1 e5 25. Rd1 exd4 26. exd4 Bf8 27. Re1+ Kd7 28. Bxf8 Rxf8 29. Re5 Rd6 30. Rbe1 Rf6+ 31. Kg3 Kd6 32. Rc1 Re6 33. Rxe6+ fxe6 34. Re1 Rc8 35. Kf3 Rc3+ 36. Re3 Rc1 37. Re2 Rd1 38. Ke3 e5 39. dxe5+ Kxe5 40. Kf3+ Kd4 41. Re7 Kd3 42. Rxh7 d4 43. Rd7 Rf1+ 44. Kg3 Ke3 45. h4 Rg1+ 46. Kh3 d3 47. Re7+ Kf3 48. Rf7+ Ke2 49. Re7+ Kd1 50. h5 gxh5 51. gxh5 d2 52. Kh2 Rg5 53. h6 Rh5+ 54. Kg2 Rxh6 55. Kf2 Rc6 56. Rd7 Kc1 57. Ke2 Re6+ 0-1

[Event "Antwerp World Uni op (Women)"]
[Site "Antwerp"]
[Date "2022.09.15"]
[Round "7"]
[White "Pellicoro, Nathalie"]
[Black "Tomasi, Elise"]
[Result "0-1"]
[WhiteElo "1895"]
[BlackElo "2003"]
[PlyCount "130"]
[EventDate "2022.09.12"]
[EventType "swiss"]
[EventRounds "9"]
[EventCountry "BEL"]
[SourceTitle "CBM 210 Extra"]
[Source "ChessBase"]
[SourceDate "2022.11.30"]
[SourceVersion "1"]
[SourceVersionDate "2022.11.30"]
[SourceQuality "1"]

1. e4 c5 2. Nf3 Nc6 3. Bb5 g6 4. Bxc6 dxc6 5. d3 Bg7 6. 0-0 Nf6 7. Nc3 Nd7 8. a4 a5 9. Re1 e5 10. Be3 b6 11. Qc1 h6 12. Nd2 Nf8 13. Ne2 Ne6 14. f4 exf4 15. Nxf4 0-0 16. Kh1 Nxf4 17. Bxf4 Be6 18. Nf3 g5 19. Be3 f5 20. exf5 Bxf5 21. Qd2 Qf6 22. b3 g4 23. Ng1 Qh4 24. Bf2 Qf6 25. Bg3 Rae8 26. Rxe8 Rxe8 27. Re1 Rxe1 28. Qxe1 Qc3 29. Qe8+ Kh7 30. Qxc6 Qxc2 31. Qxb6 Bxd3 32. Qe6 Be4 33. Bf2 Ba8 34. Qe2 Qf5 35. Bg3 h5 36. Qd2 Be4 37. Qf2 Qd5 38. Ne2 Qd1+ 39. Ng1 Qc2 40. Qxc2 Bxc2 41. Be1 Bxb3 42. Bxa5 Bxa4 43. Ne2 Be5 44. h3 gxh3 45. gxh3 Bb5 46. Nc3 Bf1 47. Ne4 c4 48. Kg1 Bd3 49. Nf2 Bd4 50. Kg2 Be2 51. Ne4 Kg6 52. Nc3 Bd3 53. Kf3 Kf5 54. Bb4 Kg5 55. Kg3 Be5+ 56. Kg2 Kf4 57. Nd1 Be4+ 58. Kg1 Kg3 59. Be1+ Kf3 60. Nc3 Bf5 61. h4 Bg3 62. Bd2 Bxh4 63. Nb5 Bf2+ 64. Kh2 h4 65. Nd6 Bg3+ 0-1

[Event "C'Chartres Blitz op April"]
[Site "Europe Echecs INT"]
[Date "2021.04.10"]
[Round "7"]
[White "Tomasi, Elise"]
[Black "Grieve, Harry"]
[Result "1-0"]
[WhiteElo "2030"]
[BlackElo "2351"]
[PlyCount "53"]
[EventDate "2021.04.10"]
[EventType "swiss (blitz)"]
[EventRounds "11"]
[EventCountry "FRA"]
[SourceTitle "CBM 201 Extra"]
[Source "ChessBase"]
[SourceDate "2021.05.31"]
[SourceVersion "1"]
[SourceVersionDate "2021.05.31"]
[SourceQuality "1"]

1. d4 d5 2. Nf3 e6 3. g3 b5 4. c3 Bb7 5. Bg2 c5 6. a4 b4 7. Bd2 Nc6 8. 0-0 Nf6 9. cxb4 Nxb4 10. Qb3 c4 11. Qd1 Be7 12. Na3 0-0 13. Nc2 Nc6 14. Na3 Na5 15. Ne5 Nb3 16. Rb1 Nxd4 17. Naxc4 Rb8 18. Ba5 Qc8 19. Qxd4 dxc4 20. Qxc4 Bxg2 21. Qxc8 Rfxc8 22. Kxg2 Ne4 23. Nd3 Rc2 24. Rfe1 Nc5 25. Nxc5 Bxc5 26. Bc3 Bb4 27. Kf3 1-0

[Event "C'Chartres Blitz op April"]
[Site "Europe Echecs INT"]
[Date "2021.04.10"]
[Round "8"]
[White "Tomasi, Elise"]
[Black "Lucas, Arthur"]
[Result "0-1"]
[WhiteElo "2030"]
[BlackElo "2310"]
[PlyCount "86"]
[EventDate "2021.04.10"]
[EventType "swiss (blitz)"]
[EventRounds "11"]
[EventCountry "FRA"]
[SourceTitle "CBM 201 Extra"]
[Source "ChessBase"]
[SourceDate "2021.05.31"]
[SourceVersion "1"]
[SourceVersionDate "2021.05.31"]
[SourceQuality "1"]

1. d4 Nf6 2. Nf3 g6 3. g3 Bg7 4. Bg2 0-0 5. 0-0 d6 6. Re1 Nc6 7. e4 e5 8. c3 h6 9. Na3 Nh5 10. Be3 Kh7 11. Qd2 f5 12. exf5 gxf5 13. Nh4 Ne7 14. f4 exf4 15. Bxf4 Nxf4 16. Qxf4 Bf6 17. Nf3 Ng6 18. Qd2 Bd7 19. Rf1 c6 20. h4 Qe7 21. h5 Nh8 22. Bh3 Bg5 23. Nxg5+ Qxg5 24. Qxg5 hxg5 25. Rae1 g4 26. Re7+ Rf7 27. Rxf7+ Nxf7 28. Bxg4 Nh6 29. Be2 Re8 30. Bd3 Kg7 31. Nc4 Kf6 32. Nxd6 Re3 33. Bc4 Rxg3+ 34. Kf2 Rh3 35. Kg2 Rxh5 36. Nxb7 Ng4 37. Rh1 Ne3+ 38. Kg1 Rxh1+ 39. Kxh1 Nxc4 40. Nc5 Be6 41. b3 Ne3 42. Kg1 Nd5 43. Kf2 Nxc3 0-1